Estadísticas para Top 4 posiciones en la Copa Mundial de Críquet

Haz click aquí para intentar la prueba.

Estadísticas generales

  • Esta prueba ha sido intentada 993 veces
  • La puntuación promedio es 6 de 9

Estadísticas de respuestas

# en Top 4# de VictoriasGanador% Correcto
82India
95%
96Australia
88%
90Nueva Zelanda
84%
61Pakistán
81%
61Inglaterra
75%
50Sudáfrica
62%
40Sri Lanka
54%
10Kenia
25%
42Indias Occidentales
18%

Distribución de puntuación

Porcentaje por número respondido

Porcentaje de gente con cada puntuación

Historial de tus puntuaciones

No has intentado esta prueba.